Jeu du bac, 3 indices 1 mot - Statistiques

Statistiques générales
  • Ce quiz a été pris 144 fois
    59 depuis la dernière actualisation
  • Le résultat moyen est 25 sur 36
Statistiques - réponses
Indice Case % Correct
Australie / Utah / Morbihan Pays / État / Département / Île
100%
Tokyo / Vladivostok / Reims Ville / Capitale
100%
Dominique / Camille / Alex Prénom
98%
Thym / Carotte / Abricot Végétal / Fruit / Fleur / Plante / Légume
98%
Chat / Serpent / Mouton Animal
96%
Pacifique / Garonne / Elbe Fleuve / Rivière / Mer / Océan
96%
No One / Eminem / Garou Chanteur / Chanson / Star
86%
Jupe / Pantalon / Chemise Vêtement
86%
Diablo / Whisky / Coca Boisson / Alcool / Cocktail
80%
Fourmi, Abeille, Doryphore Insecte
80%
Boulanger / Maçon / Videur Métier
80%
Assiette / Verre / Chargeur Objet
80%
Natation / Ping-Pong / Rugby Sport / Loisir
80%
Jaune / Amande / Lavande Couleur
78%
Reblochon / Emmental / Raclette Fromage
78%
Voiture / Avion / Train Véhicule / Transport
78%
Ferrari / Apple / Bose Marque
76%
Fémur / Joue / Zygomatiques Anatomie / Partie du corps / Corps
73%
Marie Curie / Einstein / Superman Personnage Célèbre /Personnage Fictif
71%
Duras / Camus / Baudelaire Poète / Écrivain
67%
Basilic / Thym / Curry Épice
65%
Dinar / Roupie / Euro Monnaie
65%
Rubens / Vinci / Kahlo Peintre / Sculpteur
65%
Zidane / Manaudou / Djokovic Sportif
61%
Les Anges / Arte / Titanic Télévision
61%
Bastille / Hégire / Couronnement Evènement historique
59%
Blanquette / Rôti / Raviole Plat
59%
Yorkshire / Chihuahua / Teckel Race de chien
57%
Vairon / Barr / Némo Poisson
53%
Héraclès / Ulysse / Vénus Mythologie
43%
Marseillaise / Robespierre / Bonaparte Révolution Française
39%
Pet / Poubelle / Transpiration Sent pas bon / Puanteur
39%
Mercure / Polaris / Sagittaire Système solaire / Galaxie / Constellation
37%
Hacer / Obrigado / Danke Mot Étranger
31%
Arachno / Agora / Glosso Phobie
31%
486 / 1492 / Charlemagne Moyen-Age
14%
Aucun quiz correspondant
Distribution des résultats
% des personnes avec chaque résultat
Percentile par nombre de réponses
Votre historique - résultats
Vous n’avez pas pris ce quiz depuis la dernière actualisation